Southville International School and Colleges
Your cart is empty.
  • Cart
  • Lists
    Public lists Eva Luna New books Lux_list list_1
    Your lists Log in to create your own lists
  • Log in to your account
  • Your cookies
  • Search history
Southville International School and Colleges
  • Advanced search
  • Recent comments
  • Most popular
  • Libraries

Log in to your account

Log in with GOOGLE


If you do not have an external account, but do have a local account, you can still log in:

  1. Home
  2. MARC view: Artemis Fowl :
Normal view MARC view ISBD view

Artemis Fowl : (Record no. 33627)

[ view plain ]
MARC details
000 -LEADER
fixed length control field 01087cam a22003497a 4500
001 - CONTROL NUMBER
control field 14220523
003 - CONTROL NUMBER IDENTIFIER
control field OSt
005 - DATE AND TIME OF LATEST TRANSACTION
control field 20140310184326.0
008 - FIXED-LENGTH DATA ELEMENTS--GENERAL INFORMATION
fixed length control field 060106s2005 nyu j 000 1 eng
010 ## - LIBRARY OF CONGRESS CONTROL NUMBER
LC control number 2006271670
020 ## - INTERNATIONAL STANDARD BOOK NUMBER
International Standard Book Number 0439806852
040 ## - CATALOGING SOURCE
Original cataloging agency DLC
Transcribing agency DLC
Modifying agency DLC
050 00 - LIBRARY OF CONGRESS CALL NUMBER
Classification number PZ 7
Item number .C695od 2005
100 1# - MAIN ENTRY--PERSONAL NAME
Personal name Colfer, Eoin.
9 (RLIN) 17202
245 10 - TITLE STATEMENT
Title Artemis Fowl :
Statement of responsibility, etc Eoin Colfer
Remainder of title the opal deception /
246 30 - VARYING FORM OF TITLE
Title proper/short title Opal deception
250 ## - EDITION STATEMENT
Edition statement 1st American ed.
260 ## - PUBLICATION, DISTRIBUTION, ETC. (IMPRINT)
Place of publication, distribution, etc New York :
Name of publisher, distributor, etc Miramax Books/Hyperion Books for Children,
Date of publication, distribution, etc 2005.
300 ## - PHYSICAL DESCRIPTION
Extent 342 p. :
Dimensions 21 cm.
440 ## - SERIES STATEMENT/ADDED ENTRY--TITLE
Title Artemis Fowl
9 (RLIN) 17203
521 ## - TARGET AUDIENCE NOTE
Target audience note
526 ## - STUDY PROGRAM INFORMATION NOTE
Reading level 770
650 ## - SUBJECT ADDED ENTRY--TOPICAL TERM
Topical term or geographic name as entry element Fairies
General subdivision Fiction.
9 (RLIN) 23324
650 ## - SUBJECT ADDED ENTRY--TOPICAL TERM
Topical term or geographic name as entry element Kidnapping
General subdivision Fiction.
9 (RLIN) 23325
650 ## - SUBJECT ADDED ENTRY--TOPICAL TERM
Topical term or geographic name as entry element Magic
General subdivision Fiction.
9 (RLIN) 23326
906 ## - LOCAL DATA ELEMENT F, LDF (RLIN)
a 7
b cbc
c origcop
d 4
e ncip
f 20
g y-gencatlg
942 ## - ADDED ENTRY ELEMENTS (KOHA)
Source of classification or shelving scheme Library of Congress Classification
Koha item type
Holdings
Withdrawn status Lost status Source of classification or shelving scheme Damaged status Home library Current library Shelving location Date acquired Total Checkouts Full call number Barcode Date last seen Copy number Price effective from Koha item type Date checked out
    Library of Congress Classification   Luxembourg Library Luxembourg Library Scholastic Reading Center Section 10/03/2013   PZ 7 .C695Od 2005 LEX1998 04/18/2017 1 10/03/2013 Books  
    Library of Congress Classification   Luxembourg Library Luxembourg Library Scholastic Reading Center Section 10/03/2013   PZ 7 .C695Od 2005 LEX1140 04/18/2017 2 10/03/2013 Books  
    Library of Congress Classification   Luxembourg Library Luxembourg Library Scholastic Reading Center Section 10/11/2013   PZ 7 .C695Od 2005 LEX2045 04/18/2017 3 10/11/2013 Books  
    Library of Congress Classification   Luxembourg Library Luxembourg Library Scholastic Reading Center Section 10/14/2013 3 PZ 7 .C695Od 2005 SCHO0116 03/29/2019 4 10/14/2013 Books 03/19/2019
    Library of Congress Classification   Luxembourg Library Luxembourg Library Scholastic Reading Center Section 11/13/2013   PZ 7 .C695Od 2005 SCHO0462 04/18/2017 5 11/13/2013 Books  

Artemis Fowl :

APA

Colfer E., . (2005). Artemis Fowl. New York: Miramax Books/Hyperion Books for Children.

Chicago

Colfer Eoin, . 2005. Artemis Fowl. New York: Miramax Books/Hyperion Books for Children.

Harvard

Colfer E., . (2005). Artemis Fowl. New York: Miramax Books/Hyperion Books for Children.

MLA

Colfer Eoin, . Artemis Fowl. New York: Miramax Books/Hyperion Books for Children. 2005.

  • Place hold
  • Print
  • Cite
  • Add to your cart (remove)
  • Save record
    BIBTEX Dublin Core MARCXML MARC (non-Unicode/MARC-8) MARC (Unicode/UTF-8) MARC (Unicode/UTF-8, Standard) MODS (XML) RIS
  • More searches
    Search for this title in:
    Other Libraries (WorldCat) Other Databases (Google Scholar) Online Stores (Bookfinder.com) Open Library (openlibrary.org)

Exporting to Dublin Core...

SOUTHVILLE LIBRARY

Southville International School and Colleges Library

1281 Tropical Ave. Cor. Luxembourg St., BF Homes International, Las Pinas City

Tel. No. 8256374 / 252358 Loc. 117/146

Powered by Koha